000 00390pab a2200169 454500
008 180718b1998 xxu||||| |||| 00| 0 eng d
100 _aRamesh, B.
245 _aAn evaluation of urban cooperative banks in India
260 _c1998
300 _ap.19-20
362 _aMay
650 _aBanks - India
650 _aBanks
700 _aPatil, M.R.
773 _aYojana
909 _a37421
999 _c37421
_d37421